Porovnanie daňových sústav štátov V4 diplomová práca

Gespeichert in:
Bibliographische Detailangaben
1. Verfasser: Krokovich, Marek
Körperschaft: Národohospodárska fakulta EU. Katedra financií
Weitere Verfasser: Schultzová, Anna
Format: Buch
Sprache:Slowakisch
Veröffentlicht: Bratislava 2008
Tags: Tag hinzufügen
Keine Tags, Fügen Sie das erste Tag hinzu!

MARC

LEADER 00000nam$a2200000$$$4500
001 0078759
005 20240201120026.1
041 0 |a slo 
044 |a SK 
245 1 0 |a Porovnanie daňových sústav štátov V4  |b diplomová práca  |c Marek Krokovich ; škol. Anna Schultzová 
264 1 |a Bratislava  |c 2008 
300 |a 60 s. 
100 1 |a Krokovich, Marek 
700 1 |a Schultzová, Anna 
710 2 |a Národohospodárska fakulta EU. Katedra financií